Statistics for Presidents by State Quiz

Click here to take the quiz!

General Stats

  • This quiz has been taken 38,998 times
    (18,443 since last reset)
  • The average score is 19 of 44

Answer Stats

President State % Correct
Donald TrumpNew York
97%
George W. BushTexas
88%
Barack ObamaIllinois
86%
George Bush Sr.Texas
83%
Ronald ReaganCalifornia
81%
Bill ClintonArkansas
80%
John F. KennedyMassachusetts
66%
George WashingtonVirginia
66%
Jimmy CarterGeorgia
66%
Thomas JeffersonVirginia
60%
Abraham LincolnIllinois
60%
Lyndon B. JohnsonTexas
58%
Franklin D. RooseveltNew York
57%
Richard NixonCalifornia
55%
James MadisonVirginia
52%
James MonroeVirginia
51%
Theodore RooseveltNew York
49%
John AdamsMassachusetts
47%
John Quincy AdamsMassachusetts
44%
Gerald R. FordMichigan
43%
Harry TrumanMissouri
36%
Andrew JacksonTennessee
34%
Martin Van BurenNew York
31%
William McKinleyOhio
31%
William TaftOhio
30%
James GarfieldOhio
29%
Warren HardingOhio
29%
Rutherford B. HayesOhio
27%
Grover ClevelandNew York
26%
Woodrow WilsonNew Jersey
26%
Dwight D. EisenhowerKansas
25%
William Henry HarrisonOhio
24%
John TylerVirginia
24%
Chester A. ArthurNew York
24%
Andrew JohnsonTennessee
23%
Millard FillmoreNew York
21%
James BuchananPennsylvania
19%
Herbert HooverCalifornia
19%
Ulysses S. GrantIllinois
19%
Calvin CoolidgeMassachusetts
18%
Benjamin HarrisonIndiana
15%
Franklin PierceNew Hampshire
14%
James K. PolkTennessee
14%
Zachary TaylorLouisiana
8%

Score Distribution

Percentile by Number Answered

Percent of People with Each Score

Your Score History

You have not taken this quiz since the last reset